000 01320aam a2200313 4500
001 20450
003 CO-MdFUSB
005 20180622074840.0
008 170317t1994 xxu||||f |||| 00| 0 eng d
020 _a0-8006-2766-0
040 _aCO-MdFUSB
_bspa
_cCO-MdFUSB
_dCO-MdFUSBC
_erda
041 _aeng
082 _224
_aG 231.3
_bW446g
100 1 _aWelker, Michael
_eautor
245 0 0 _aGod the spirit
_c/ Michael Welker ; Translated by John F. Hoffmeyer
264 1 _aMinneapolis, Minnesota :
_bFortress Press,
_c℗1994
264 4 _c©1994
300 _axvi, 360 páginas
_b:
_c;
336 _2rdacontent
_a1
_ba1
337 _2rdamedia
_a2
_b5
338 _2rdacarrier
_a2
_b5
500 _aTítulo original en alemán: Gottes Geist: Theologie des Heiligen Geistes
501 _a Incluye íondices (p. 343-360)
505 0 0 _aDios el Espíritu: ¿Un problema de la experiencia en el mundo de hoy? - Experiencias poco claras del poder del Espíritu - El Espíritu prometido de la justicia y la paz - Jesucristo y la presencia concreta del Espíritu - El derramamiento del Espíritu: Su acción de la liberación y de la superación del mundo - La persona pública del Espíritu: Dios en medio de la creación
563 _aRústico
650 7 _9177
_aTrinidad
942 _cBK
999 _c46801
_d46801